000 00415pab a2200169 454500
008 180718b2011 xxu||||| |||| 00| 0 eng d
100 _aThomas, M. Benson
245 _aDemographic dividend and health concerns in India
260 _c2011
300 _ap.33-34.
362 _a16 Apr
650 _aHealth services - India
650 _aHealth services
773 _aMainstream
908 _aN
909 _a91267
999 _c91267
_d91267